000 00609nam a2200169 a 4500
001 000044348
005 20201002045317.0
008 140620s2007 bl ab 000 0 spa d
040 _aDO-SdBNP
_bspa
_cBNPHU
082 _axxxx
_bxxxx
100 1 _aBrito, Márcia
_972353
245 1 0 _aHábitos de doar e captar recursos no Brasil /
_cMárcia Valéria Marins de Brito, Maria Emília Aureliano de Melo.
260 _aSão Paulo :
_bPeirópolis,
_c2007.
300 _a183 p. :
_bil. ;
_c23 cm.
500 _aIncluye referencias bibliográficas y notas al pie de las páginas.
700 1 2 _aMelo, Maria Emília
_972354
999 _c43837
_d43837